| 000 | 01179nam a2200289 a 4500 | ||
|---|---|---|---|
| 003 | UPN | ||
| 005 | 20240427063658.0 | ||
| 008 | 991125s1939 dr fr 001 0 spa d | ||
| 035 | _aUPN01000002472 | ||
| 040 |
_aMX-MxUPN _bspa _cMX-MxUPN |
||
| 041 |
_aspa _heng |
||
| 050 | 4 |
_aF1938 E6 _bK6.28 |
|
| 100 | 1 |
_aKnight, Melvin M. _d1887-1981 _951741 _q(Melvin Moses), |
|
| 245 | 1 | 4 |
_aLos americanos en Santo Domingo : _bestudios de imperialismo americano |
| 260 |
_aCiudad Trujillo: _bImprenta Listín Diario, _c1939. |
||
| 300 | _a208 páginas | ||
| 490 | 0 | _aPublicaciones de la Universidad de Santo Domingo | |
| 500 | _a"Traducción hecha a diligencias de la Universidad de Santo Domingo, con la autorización de la Vanguard Press, de New York" | ||
| 504 | _aIncluye índice. | ||
| 651 | 4 |
_aRepública Dominicana _xRelaciones exteriores _zEstados Unidos _913534 |
|
| 651 | 4 |
_aRepública Dominicana _xCondiciones económicas _913552 |
|
| 651 | 4 |
_aRepública Dominicana _xHistoria _951740 _yOcupación Norteamericana, 1916-1924 |
|
| 710 | 2 |
_951738 _aUniversidad de Santo Domingo _epropietario anterior |
|
| 902 | _bMaríaRobles/240624 | ||
| 905 | _aLibro | ||
| 942 |
_2lcc _cLIBRO _n0 |
||
| 999 |
_c2472 _d2472 |
||